Head of the Organization Department of the Chinese Communist Party - Statistics

General Stats
  • This quiz has been taken 4 times
  • The average score is 9 of 20
Answer Stats
Picture Hint Answer % Correct
1954-1956 Deng Xiaoping
100%
1977-1978 Hu Yaobang
75%
1970-1975 Kang Sheng
75%
1944-1953 Peng Zhen
75%
1984-1985 Qiao Shi
50%
1953-1954 Rao Shushi
50%
1987-1989 Song Ping
50%
1978-1983 Song Renqiong
50%
2012-2017 Zhao Leji
50%
1956-1966 An Ziwen
25%
2017-2023 Chen Xi
25%
1966-1970** | 1975-1977* Guo Yufeng
25%
2002-2007 He Guoqiang
25%
2023-2025 Li Ganjie
25%
2007-2012 Li Yuanchao
25%
1989-1994 Lu Feng
25%
2025- Shi Taifeng
25%
1985-1987 Wei Jianxing
25%
1999-2002 Zeng Qinghong
25%
1994-1999 Zhang Quanjing
25%
No matching quizzes found
Score Distribution
Percent of People with Each Score
Percentile by Number Answered
Your Score History
You have not taken this quiz